000 00447nam a2200181Ia 4500
005 20250423101359.0
008 250422s9999 xx 000 0 und d
020 _a1573921890
050 _aBF 575 .G7 B674/
100 _aBouvard, Marguerite Guzman
245 4 _aThe path through grief : a compassionate guide
260 _aNew York
260 _b Prometheus Books
260 _c1998
300 _a331 p
650 _aGrief.
942 _cBK
999 _c36137
_d36137